La alternativa: integración desde abajo /
Sábháilte in:
| Príomhchruthaitheoir: | |
|---|---|
| Formáid: | Téacs |
| Ábhair: | |
| Clibeanna: |
Cuir clib leis
Níl clibeanna ann, Bí ar an gcéad duine le clib a chur leis an taifead seo!
|
MARC
| LEADER | 00000 a a2200000 04500 | ||
|---|---|---|---|
| 001 | 7066 | ||
| 003 | |||
| 040 | |||
| 100 | |a Hernández Pico, Juan | ||
| 245 | |a La alternativa: |b integración desde abajo / |c Juan Hernández Pico | ||
| 650 | |a INTEGRACION REGIONAL | ||
| 650 | |a ECONOMIA | ||
| 650 | |a POLITICA | ||
| 650 | |a LIBERALIZACION DEL INTERCAMBIO | ||
| 650 | |a POBREZA | ||
| 650 | |a SOCIEDAD CIVIL | ||
| 650 | |a DESARROLLO REGIONAL | ||
| 650 | |a MILITARES | ||
| 650 | |a NEOLIBERALISMO | ||
| 650 | |a CULTURA | ||
| 650 | |a CAMBIOS SOCIALES | ||
| 650 | |a RELIGION | ||
| 650 | |a FAMILIA | ||
| 650 | |a ECONOMIA | ||
| 773 | |g volumen 13, número 145; páginas 35-51 | ||
| 999 | |c 33177 |d 33177 | ||
